000 00558nam a2200229Ia 4500
003 OSt
005 20220923230753.0
006 a|||||r|||| 00| 0
007 ta
008 Pun
024 _a305,431
037 _cTextual
040 _aARTS
_cARTS
_bPun
041 _2Pun
_aPun
082 _aQ8441:332w, 153P2
100 _aਜਾਗੀਰ ਸਿੰਘ
245 0 _aਜੀਵਨੀਆਂ
260 _c2002
650 _aਧਰਮ
942 _hQ8441:332w, 153P2
_cTEXL
_2CC
999 _c387223
_d387223